Szczegóły MARC
| 000 -Nagłówek |
| fixed length control field |
03434nam a2200721 i 4500 |
| 001 - Nr kontrolny bibl., która utworzyła rek. |
| control field |
xx005877545 |
| 003 - Siglum bibl., której nr kontr. jest w 001 |
| control field |
NUKAT |
| 005 - Data i czas ostatniej operacji |
| control field |
20260317105208.0 |
| 008 - Elementy pola stałej długości |
| fixed length control field |
250911s2025 pl |001 0 pol c |
| 020 ## - ISBN |
| ISBN |
9788376763866 |
| dopowiedzenie |
(Polska Akademia Umiejętności) |
| 020 ## - ISBN |
| ISBN |
9788371264665 |
| dopowiedzenie |
(Instytut Śląski) |
| 020 ## - ISBN |
| ISBN |
9788397293687 |
| dopowiedzenie |
(Instytut Północny im. Wojciecha Kętrzyńskiego) |
| 020 ## - ISBN |
| ISBN |
9788397306745 |
| dopowiedzenie |
(Instytut Historii Nauki im. Ludwika i Aleksandra Birkenmajerów PAN) |
| 035 ## - Systemowy numer kontrolny |
| systemowy numer kontrolny |
(PL)b1000006337715 |
| 035 ## - Systemowy numer kontrolny |
| systemowy numer kontrolny |
(OMNIS)9915025877205606 |
| 035 ## - Systemowy numer kontrolny |
| systemowy numer kontrolny |
(NUKAT)xx005877545 |
| 040 ## - Instytucja sporządzająca opis |
| Instytucja, która sporządziła opis |
KR PAU |
| Instytucja, która sporządziła rekord |
KR PAU |
| Instytucja, która zmodyfikowała rekord |
KR PAU |
| -- |
OLSZT W |
| 041 0# - Kod nazwy języka dokumentu |
| Język tekstu |
pol |
| Język streszczeń |
eng |
| -- |
ger |
| 045 2# - Okres czasu dla zawartości |
| czas między r. 9999 pne a nasz. czas. |
d1922 |
| -- |
d2022 |
| 046 ## - Kod rodz. daty, data1, data2 (daty pne) |
| Begin/single date |
2025 |
| 245 10 - Tytuł właściwy i oznaczenie odpow. |
| tytuł |
Związek Polaków w Niemczech : |
| dodatek do tytułu |
historia, pamięć historyczna i tradycje różnych polskich kresów / |
| dod. inf. ze s. tyt./ozn. odpow. |
pod redakcją Michała Kokowskiego. |
| 260 ## - Adres wydawniczy |
| miejsce wydania, dystrybucji itp. |
Kraków : |
| nazwa wydawcy, dystrybutora itp. |
Polska Akademia Umiejętności ; |
| miejsce wydania, dystrybucji itp. |
Opole : |
| nazwa wydawcy, dystrybutora itp. |
Instytut Śląski ; |
| miejsce wydania, dystrybucji itp. |
Olsztyn : |
| nazwa wydawcy, dystrybutora itp. |
Instytut Północny im. Wojciecha Kętrzyńskiego ; |
| miejsce wydania, dystrybucji itp. |
Warszawa : |
| nazwa wydawcy, dystrybutora itp. |
Instytut Historii Nauki im. Ludwika i Aleksandra Birkenmajerów PAN, |
| data wydania, dystrybucji itp. |
2025. |
| 300 ## - Opis fizyczny |
| objętość i/lub forma materiału |
337, [2] strony : |
| inne szczegóły opisu fizycznego |
fotografie, portrety ; |
| format |
24 cm. |
| 336 ## - Content Type |
| Term |
Tekst |
| Code |
txt |
| Source |
rdacontent |
| 337 ## - Media Type |
| Term |
Bez urządzenia pośredniczącego |
| Code |
n |
| Source |
rdamedia |
| 338 ## - Carrier Type |
| Term |
Wolumin |
| Code |
nc |
| Source |
rdacarrier |
| 380 ## - Form of work |
| Form of work |
Książki |
| 380 ## - Form of work |
| Form of work |
Publikacje naukowe |
| 388 1# - TIME PERIOD OF CREATION |
| Time period of creation term |
2001- |
| 500 ## - Uwaga ogólna |
| uwaga ogólna |
Artykuły stanowią rozwinięcie referatów wygłoszonych podczas naukowej konferencji online "100-lecie Związku Polaków w Niemczech", zorganizowanej w dniu 23 listopada 2022 r. przez PAU, Stację PAU w Gdańsku, Komisję Historii Nauki PAU oraz Pracownię Naukoznawstwa Instytutu Historii Nauki PAN. |
| 504 ## - Uwaga o bibliografii |
| uwaga o bibliografii |
Bibliografia przy artykułach. Indeksy. |
| 546 ## - Uwaga o języku opisywanego materiału |
| uwaga o języku |
Streszczenia w języku angielskim i niemieckim. |
| 610 27 - Hasło przedmiotowe-nazwa ciała zbior. |
| nazwa ciała zbior. lub geogr. |
Związek Polaków w Niemczech |
| źródło hasła |
DBN |
| 9 (RLIN) |
36980 |
| 648 #7 - SUBJECT ADDED ENTRY--CHRONOLOGICAL TERM |
| Chronological term |
1901-2000 |
| Source of heading or term |
DBN |
| 9 (RLIN) |
34996 |
| 648 #7 - SUBJECT ADDED ENTRY--CHRONOLOGICAL TERM |
| Chronological term |
1918-1939 |
| Source of heading or term |
DBN |
| 9 (RLIN) |
36041 |
| 648 #7 - SUBJECT ADDED ENTRY--CHRONOLOGICAL TERM |
| Chronological term |
1939-1945 |
| Source of heading or term |
DBN |
| 9 (RLIN) |
36042 |
| 648 #7 - SUBJECT ADDED ENTRY--CHRONOLOGICAL TERM |
| Chronological term |
1945-1989 |
| Source of heading or term |
DBN |
| 9 (RLIN) |
36043 |
| 648 #7 - SUBJECT ADDED ENTRY--CHRONOLOGICAL TERM |
| Chronological term |
1989-2000 |
| Source of heading or term |
DBN |
| 9 (RLIN) |
36156 |
| 648 #7 - SUBJECT ADDED ENTRY--CHRONOLOGICAL TERM |
| Chronological term |
2001- |
| Source of heading or term |
DBN |
| 9 (RLIN) |
36393 |
| 650 #7 - Hasło przedmiotowe-nazwa pospolita |
| nazwa pospolita lub geogr. |
Mniejszości narodowe |
| źródło hasła |
DBN |
| 9 (RLIN) |
35448 |
| 650 #7 - Hasło przedmiotowe-nazwa pospolita |
| nazwa pospolita lub geogr. |
Patriotyzm |
| źródło hasła |
DBN |
| 9 (RLIN) |
35776 |
| 650 #7 - Hasło przedmiotowe-nazwa pospolita |
| nazwa pospolita lub geogr. |
Polacy za granicą |
| źródło hasła |
DBN |
| 9 (RLIN) |
35953 |
| 651 #7 - Hasło przedmiotowe-nazwa geogr. |
| nazwa geograficzna |
Krajna |
| źródło hasła |
DBN |
| 9 (RLIN) |
38241 |
| 651 #7 - Hasło przedmiotowe-nazwa geogr. |
| nazwa geograficzna |
Mazury |
| źródło hasła |
DBN |
| 9 (RLIN) |
35176 |
| 651 #7 - Hasło przedmiotowe-nazwa geogr. |
| nazwa geograficzna |
Niemcy |
| źródło hasła |
DBN |
| 9 (RLIN) |
35243 |
| 651 #7 - Hasło przedmiotowe-nazwa geogr. |
| nazwa geograficzna |
Powiśle (region) |
| źródło hasła |
DBN |
| 9 (RLIN) |
35399 |
| 651 #7 - Hasło przedmiotowe-nazwa geogr. |
| nazwa geograficzna |
Śląsk |
| źródło hasła |
DBN |
| 9 (RLIN) |
36216 |
| 651 #7 - Hasło przedmiotowe-nazwa geogr. |
| nazwa geograficzna |
Warmia |
| źródło hasła |
DBN |
| 9 (RLIN) |
35166 |
| 655 #7 - Termin określający rodzaj/formę |
| rodzaj/forma |
Materiały konferencyjne |
| źródło terminu |
DBN |
| 9 (RLIN) |
36310 |
| 655 #7 - Termin określający rodzaj/formę |
| rodzaj/forma |
Praca zbiorowa |
| źródło terminu |
DBN |
| 9 (RLIN) |
35107 |
| 658 ## - Nazwa określająca cel programu nauczania |
| główny cel programu nauczania |
Historia |
| 658 ## - Nazwa określająca cel programu nauczania |
| główny cel programu nauczania |
Polityka, politologia, administracja publiczna |
| 700 1# - Hasło dodatkowe - nazwa osobowa |
| nazwa osobowa |
Kokowski, Michał |
| daty biograficzne |
(1961- ). |
| rodzaj współpracy |
Redakcja |
| 9 (RLIN) |
38240 |
| 710 2# - Hasło dodatkowe - nazwa ciała zbior. |
| nazwa ciała zbior. lub nazwa geogr. |
Polska Akademia Umiejętności (1990- ). |
| rodzaj współpracy |
Wydawca |
| kod rodzaju współpracy |
pbl |
| 9 (RLIN) |
9495 |
| 710 2# - Hasło dodatkowe - nazwa ciała zbior. |
| nazwa ciała zbior. lub nazwa geogr. |
Instytut Śląski (Opole). |
| rodzaj współpracy |
Wydawca |
| kod rodzaju współpracy |
pbl |
| 9 (RLIN) |
14218 |
| 710 2# - Hasło dodatkowe - nazwa ciała zbior. |
| nazwa ciała zbior. lub nazwa geogr. |
Instytut Północny im. Wojciecha Kętrzyńskiego (Olsztyn). |
| rodzaj współpracy |
Wydawca |
| kod rodzaju współpracy |
pbl |
| 9 (RLIN) |
13459 |
| 710 2# - Hasło dodatkowe - nazwa ciała zbior. |
| nazwa ciała zbior. lub nazwa geogr. |
Polska Akademia Nauk. |
| nazwa jednostki podrzędnej |
Instytut Historii Nauki im. Ludwika i Aleksandra Birkenmajerów. |
| rodzaj współpracy |
Wydawca |
| kod rodzaju współpracy |
pbl |
| 9 (RLIN) |
13460 |
| 920 ## - ISBN |
| ISBN |
978-83-7676-386-6 (Polska Akademia Umiejętności) |
| 920 ## - ISBN |
| ISBN |
978-83-7126-466-5 (Instytut Śląski) |
| 920 ## - ISBN |
| ISBN |
978-83-9729-368-7 (Instytut Północny im. Wojciecha Kętrzyńskiego) |
| 920 ## - ISBN |
| ISBN |
978-83-9730-674-5 (Instytut Historii Nauki im. Ludwika i Aleksandra Birkenmajerów PAN) |
| 942 ## - ADDED ENTRY ELEMENTS (KOHA) |
| Source of classification or shelving scheme |
Dewey Decimal Classification |
| Koha item type |
pozycje dostępne na miejscu |